Tous les adversaires de l'ASM Clermont en Coupe d'Europe. - Statistiques

Statistiques générales
  • Ce quiz a été pris 204 fois
    19 depuis la dernière actualisation
  • Le résultat moyen est 16 sur 30
Statistiques - réponses
Équipes Matches Victoires Nuls Défaites Différence % Correct
RC Toulon 3 1 0 2 13
94%
Stade toulousain 2 0 0 2 -22
94%
Union-Bordeaux-Bègles 4 3 0 1 28
82%
Leinster 11 4 0 7 -32
82%
Saracens 11 7 0 4 0
76%
Castres olympique 1 0 0 1 -1
71%
Racing 92 6 2 0 4 -5
71%
Munster 8 5 0 3 -8
71%
Bath Rugby 3 2 0 1 24
71%
Leicester Tigers 11 3 0 8 -73
71%
Glasgow Warriors 3 1 1 1 19
65%
London Wasps 3 2 0 1 1
65%
Stade français Paris 2 0 0 2 -23
59%
Northampton Saints 6 4 0 2 153
59%
Montpellier HR 1 1 0 0 22
53%
Ulster 8 3 0 5 13
53%
Sale Sharks 6 3 0 3 0
53%
Benetton Trévise 3 3 0 0 68
47%
Sharks 1 0 0 1 -38
47%
Cardiff Blues 4 2 0 2 29
47%
Exeter Chiefs 6 5 0 1 141
47%
Llanelli Scarlets 6 6 0 0 169
35%
Bristol Bears 4 2 0 2 7
35%
Harlequins 6 5 0 1 70
35%
Aironi Rugby 2 2 0 0 133
24%
Ospreys 8 5 0 3 44
24%
Stormers 2 1 0 1 -4
18%
US Montauban 2 2 0 0 38
12%
Arix Viadana 2 2 0 0 56
6%
Swansea RFC 2 2 0 0 40
6%
Aucun quiz correspondant
Distribution des résultats
% des personnes avec chaque résultat
Percentile par nombre de réponses
Votre historique - résultats
Vous n’avez pas pris ce quiz depuis la dernière actualisation